000 00284nam a22001337a 4500
020 _a978-0-7515-6231-8
082 _a823
_bSPA/L
100 _aSPARKS,NICHOLAS
245 _aTHE LUCKY ONE
260 _aLONDON
_bSPHERE
300 _a334
650 _aNOVEL ENGLISH
_zLONDON
942 _cBK
999 _c3351
_d3351